| 000 | 00606nam a2200193Ia 4500 | ||
|---|---|---|---|
| 005 | 20260429112247.0 | ||
| 008 | 260429s9999||||xx |||||||||||||| ||und|| | ||
| 020 | _a9788126700721 | ||
| 041 | _aHindi | ||
| 082 |
_a891.433 _bMUN |
||
| 100 | _aमुंशी, के.एम. | ||
| 245 | 0 |
_aतपस्विनी / _cके.एम. मुंशी |
|
| 250 | _a1st rev. | ||
| 260 |
_aनई दिल्ली : _bराजकमल प्रकाशन, _c2023. |
||
| 300 | _a594 p.; Hb | ||
| 650 | _aNovel | ||
| 700 | _a कमलेश, पद्मसिंह शर्मा | ||
| 942 | _cTB | ||
| 999 |
_c53179 _d53179 |
||